Statistiques concernant MCU Tous les personnages FR

Cliquez ici pour prendre le quiz!

Statistiques générales

  • Ce quiz a été pris 72 fois
    (68 depuis la dernière actualisation)
  • Le résultat moyen est 47 sur 135

Statistiques - réponses

Apparitions dans les filmsStatut dans la sagaPersonnages% Correct
8En vieIron Man / Tony Stark
98%
5En vieHulk / Bruce Banner
95%
6En vieCaptain America / Steven Rogers
93%
6En vieBlack Widow / Natasha Romanoff
90%
6En vieThor
90%
4En vieHawkeye / Clint Barton
84%
3MortGamora
83%
5MortLoki
83%
3MortSpider-Man / Peter Parker
83%
3MortBlack Panther / T'Challa
81%
3MortGroot
81%
4En vieThanos
79%
3MortLa Sorcière Rouge / Wanda Maximoff
78%
3MortStar-Lord / Peter Quill
78%
3En vieRocket
76%
3MortVision
76%
3En vieAnt-Man / Scott Lang
74%
4MortBucky / James Barnes
74%
5MortFaucon / Sam Wilson
74%
8MortNick Fury
74%
3En vieNébula
72%
3MortDoctor Strange / Stephen Strange
71%
3MortDrax
69%
1MortVif-Argent / Pietro Maximoff
67%
2MortLa Guêpe / Hope Van Dyne
64%
6En viePepper Potts
64%
3MortOdin
62%
2MortHank Pym
60%
2MortMantis
57%
2En vieOkoye
57%
2En vieShuri
57%
6En vieWar Machine / James Rhodes
57%
1MortUltron
55%
1MortHela
52%
2En vieJane Foster
52%
2En vieCrâne Rouge / Johann Schmidt
50%
1MortErik Killmonger
50%
4MortMaria Hill
50%
4En vieHappy Hogan
48%
3MortPeggy Carter
48%
3En viePhil Coulson
48%
4MortHeimdall
47%
1En vieMichelle Jones
47%
2En vieNed Leeds
47%
1MortEgo
45%
2MortYondu Udonta
45%
2En vieMay Parker
43%
1En vieValkyrie
43%
2MortFrigga
41%
1MortRonan l'Accusateur
40%
2En vieWong
40%
3MortHoward Stark
36%
1MortL'Ancien
36%
2MortLe Collectionneur
36%
2En vieM'Baku
36%
2MortSif
36%
1En vieKorg
34%
2En vieDarcy Lewis
33%
1En vieLe Vautour / Adrian Toomes
33%
2MortArnim Zola
31%
2En vieCassie Lang
31%
2MortT'Chaka
31%
1En vieHelmut Zemo
29%
1En vieL'Abomination / Emil Blonsky
29%
1En vieNakia
29%
1MortIron Monger / Obadiah Stane
28%
1En vieLe Grand Maître
28%
1MortMalekith
28%
1En vieRamonda
28%
2En vieSharon Carter
28%
1MortEbony Maw
26%
1MortLaufey
26%
3MortFandral
24%
1En vieLe Mandarin
24%
1MortProxima Midnight
24%
3MortVolstagg
24%
1MortWhiplash / Ivan Vanko
24%
1MortYellowjacket / Darren Cross
24%
1MortBetty Ross
22%
1En vieDormammu
22%
4En vieErik Selvig
22%
3MortHogun
22%
1MortAldrich Killian
21%
1MortAlexander Pierce
21%
2MortCrossbones
21%
1En vieFlash Thompson
21%
1En vieLaura Barton
21%
1MortCull Obsidian
19%
2En vieEverett K. Ross
19%
1En vieKarl Mordo
19%
2En vieLuis
19%
1MortCorvus Glaive
17%
1En vieJustin Hammer
17%
2MortUlysses Klaue
17%
1En vieLe Fantôme
16%
1En vieLiz Toomes
16%
3En vieThaddeus Ross
16%
1MortAbraham Erskine
14%
1En vieKaecilius
14%
1MortMaria Stark
14%
1MortSkurge
14%
1MortTaserface
14%
1En vieW'Kabi
14%
1En vieAyesha
12%
1En vieBill Foster
12%
1En vieEitri
12%
1MortKorath
12%
2En vieKraglin Obfonteri
12%
1En vieChristine Palmer
10%
1En vieHarley Keener
10%
1MortKurse
10%
1MortZuri
10%
2MortL'Autre
9%
2MortMeredith Quill
9%
1MortChester Phillips
7%
2En vieDave
7%
1En vieHelen Cho
7%
1En vieIrani Rael
7%
1En vieJim Paxton
7%
1MortN'Jobu
7%
1MortAnton Vanko
5%
1MortHo Yinsen
5%
2En vieKurt
5%
1En vieMaggie Lang
5%
1MortMaya Hansen
5%
1MortVon Strucker
5%
1En vieChristine Everhart
3%
1MortEric Savin
3%
1En vieLe Leader / Samuel Sterns
3%
1MortCarina
2%
1MortEllen Brandt
2%
1MortRaza
2%
2En vieSénateur Stern
2%
1MortHeinz Kruger
0%
1En vieRhomann Dey
0%

Distribution des résultats

Percentile par nombre de réponses

% des personnes avec chaque résultat

Votre développement - résultats

Vous n’avez pas pris ce quiz depuis la dernière actualisation